[Event "World Rapid Women 2025"]
[Site "Doha QAT"]
[Date "2025.12.28"]
[Round "10.66"]
[White "Liu, Shilan"]
[Black "Parnali, S Dharia"]
[Result "0-1"]
[WhiteTitle "WGM"]
[BlackTitle "WIM"]
[WhiteElo "2109"]
[BlackElo "2150"]
[WhiteFideId "8600279"]
[BlackFideId "5043131"]
[EventDate "2025.12.26"]

1. e4 e5 2. Nf3 Nc6 3. Bb5 a6 4. Ba4 Nf6 5. O-O b5 6. Bb3 Bc5 7. c3 Bb6 8. d4 d6
9. h3 Bb7 10. Re1 h6 11. a4 O-O 12. axb5 axb5 13. Rxa8 Qxa8 14. d5 Na5 15. Bc2
Qa7 16. Qe2 c6 17. dxc6 Bxc6 18. Nbd2 Re8 19. Bd3 Nb7 20. b4 Nd8 21. Rf1 Qa4 22.
Nh4 Ne6 23. Ndf3 Nh5 24. Nf5 Nhf4 25. Bxf4 Nxf4 26. Qc2 Qxc2 27. Bxc2 d5 28. Ng3
dxe4 29. Bxe4 Ne2+ 30. Nxe2 Bxe4 31. Rd1 Re6 32. Ng3 Bc6 33. Re1 Bxf3 34. gxf3
Rc6 35. Rxe5 Rxc3 36. Rxb5 Ba7 37. Rb7 Bd4 38. Nf5 Be5 39. Kg2 Rc2 40. b5 Rb2
41. h4 Bc3 42. Kg3 Be1 43. Nd6 Bxf2+ 44. Kh3 Rb4 45. Nxf7 Bxh4 46. Nd6 Bf6 47.
Ne4 Bd4 48. Kg4 Kh7 49. Rd7 Kg6 50. Rd6+ Bf6 51. b6 Kh7 52. Kf5 Bd4 53. Rd7 Rb5+
54. Kg4 Bxb6 55. Nf6+ Kg6 56. Nd5 Bf2 57. Nf4+ Kh7 58. Ne6 Kg6 59. Nxg7 Rg5+ 60.
Kf4 Bg3+ 61. Ke4 Re5+ 62. Kd3 h5 63. Nxh5 Rxh5 64. Ke2 Re5+ 65. Kf1 Bh4 66. Rd4
Bf6 67. Rg4+ Kf5 68. Re4 Ra5 69. Kg2 Be5 70. Re2 Ra1 71. Rc2 Ra8 72. Re2 Bd4 73.
Re4 Ra2+ 0-1

[Event "World Rapid Women 2025"]
[Site "Doha QAT"]
[Date "2025.12.28"]
[Round "10.67"]
[White "Lau, Chloe Hailey"]
[Black "Echcharbiny, Wissal"]
[Result "0-1"]
[WhiteElo "1562"]
[BlackElo "1726"]
[WhiteFideId "6012469"]
[BlackFideId "9014853"]
[EventDate "2025.12.26"]

1. e4 c6 2. d4 d5 3. exd5 cxd5 4. c4 Nf6 5. Nc3 Nc6 6. Nf3 Bg4 7. cxd5 Nxd5 8.
Qb3 Bxf3 9. gxf3 e6 10. Be3 Bb4 11. O-O-O Rc8 12. Kb1 Qa5 13. Nxd5 exd5 14. Bh3
Rd8 15. a3 Be7 16. Qxb7 Qb6 17. Qxb6 axb6 18. Rc1 Na5 19. Rc7 Bd6 20. Rc2 Nc4
21. Bg5 f6 22. Re2+ Kf8 23. Bh4 Bf4 24. Bg2 Kf7 25. Bg3 Bd2 26. Rd1 Ba5 27. Ka2
b5 28. b3 Nd6 29. b4 Bb6 30. Rc2 Nc4 31. f4 Rd7 32. Re2 Ra8 33. Rd3 Raa7 34. f5
Ra8 35. Bf3 Kf8 36. h4 Bd8 37. Re1 Be7 38. Rb1 Rda7 39. Rbb3 Rd7 40. Be2 Rda7
41. Bf4 Ra4 42. Bf3 Rd8 43. Bd2 0-1

[Event "World Rapid Women 2025"]
[Site "Doha QAT"]
[Date "2025.12.28"]
[Round "10.68"]
[White "Fawaz, Nadia"]
[Black "Abrar Mohammed Ahmad Almalki"]
[Result "1-0"]
[WhiteTitle "WFM"]
[WhiteElo "1957"]
[BlackElo "1826"]
[WhiteFideId "5309743"]
[BlackFideId "21543143"]
[EventDate "2025.12.26"]

1. e4 e5 2. Nf3 Nc6 3. Bc4 h6 4. c3 Bc5 5. d3 a6 6. O-O Nf6 7. Re1 O-O 8. d4
exd4 9. cxd4 Ba7 10. Nc3 d6 11. h3 Qe7 12. Nd5 Qd8 13. Nf4 Kh8 14. a3 b5 15. Ba2
Ne7 16. e5 dxe5 17. Nxe5 Ned5 18. Nxd5 Nxd5 19. Qf3 Be6 20. Bd2 Qf6 21. Bxd5
Qxf3 22. Bxf3 Rad8 23. Nc6 Rd6 24. Nxa7 Rxd4 25. Bc3 Rd6 26. Bb4 1-0

[Event "World Rapid Women 2025"]
[Site "Doha QAT"]
[Date "2025.12.28"]
[Round "10.69"]
[White "Alsemairi, Dalia"]
[Black "Skaslien, Ingrid"]
[Result "0-1"]
[WhiteTitle "WCM"]
[WhiteElo "1802"]
[BlackElo "2029"]
[WhiteFideId "21511217"]
[BlackFideId "1520660"]
[EventDate "2025.12.26"]

1. e4 e5 2. Nf3 Nc6 3. Bc4 Bc5 4. c3 Nf6 5. d3 a6 6. O-O Ba7 7. Bb3 d6 8. h3 h6
9. Re1 Qe7 10. Nbd2 g5 11. Nf1 g4 12. hxg4 Bxg4 13. N1h2 O-O-O 14. Nxg4 Nxg4 15.
d4 Qf6 16. Bd5 Ne7 17. Bc4 Rhg8 18. Qe2 Rg7 19. Be3 Rdg8 20. dxe5 Nxe5 21. Kf1
Bxe3 22. Nxe5 Bb6 23. Nd3 Rxg2 24. e5 Rg1# 0-1

[Event "World Rapid Women 2025"]
[Site "Doha QAT"]
[Date "2025.12.28"]
[Round "10.70"]
[White "Alotaibi, Maitha Abdulrahman A"]
[Black "Al-Khulaifi, Ghada"]
[Result "0-1"]
[BlackTitle "WCM"]
[WhiteElo "1600"]
[BlackElo "1630"]
[WhiteFideId "21524009"]
[BlackFideId "12100633"]
[EventDate "2025.12.26"]

1. d4 Nf6 2. c4 g6 3. Nc3 Bg7 4. Nf3 O-O 5. e4 d6 6. Be2 b6 7. O-O Bb7 8. d5
Nbd7 9. Bg5 Nc5 10. Bxf6 Bxf6 11. Qc2 c6 12. Bd3 Nxd3 13. Qxd3 Rc8 14. Rfe1 e5
15. Qe3 Ba6 16. b3 Qc7 17. Rac1 c5 18. h4 Qe7 19. Ng5 Rb8 20. a4 Bc8 21. Nb5 Bg7
22. Qg3 f6 23. Ne6 Bxe6 24. dxe6 Qxe6 25. Rcd1 Rb7 26. Nxd6 Rd7 27. Nb5 Rfd8 28.
Rxd7 Qxd7 29. Nc3 Bh6 30. Nd5 Qf7 31. Rd1 Bf4 32. Qf3 f5 33. g3 Bh6 34. exf5
gxf5 35. Re1 e4 36. Qxf5 Qxf5 37. Ne7+ Kf7 38. Nxf5 Bf8 39. Rxe4 Rd3 40. Re3
Rd1+ 41. Kg2 Kf6 42. g4 h5 43. Ng3 hxg4 44. Ne4+ Kf5 45. Kg3 Bh6 46. Ng5 Bg7 47.
Ne6 Be5+ 48. Rxe5+ Kxe5 49. Ng7 Kf6 50. Nh5+ Kg6 51. Kxg4 Rg1+ 52. Ng3 Rb1 53.
h5+ Kh7 54. f4 Rxb3 55. f5 Rb4 56. Kg5 Rxc4 57. f6 Rc2 58. f7 Kg7 59. Nf5+ Kxf7
60. h6 Rh2 61. Nd6+ Ke6 62. Nb5 c4 63. Kg6 a6 64. Nc7+ Kd7 65. Nxa6 c3 66. Nb4
Ke6 67. h7 Kd6 68. Kg7 Kc5 69. Nc2 Kc4 70. h8=Q Rxh8 71. Kxh8 Kb3 72. Nd4+ Kxa4
73. Kg7 b5 74. Kf6 b4 75. Ke5 b3 76. Ne2 c2 77. Kd4 b2 78. Nc3+ Kb3 79. Kd3 c1=Q
80. Ne2 0-1

[Event "World Rapid Women 2025"]
[Site "Doha QAT"]
[Date "2025.12.28"]
[Round "11.1"]
[White "Atalik, Ekaterina"]
[Black "Goryachkina, Aleksandra"]
[Result "1/2-1/2"]
[WhiteTitle "IM"]
[BlackTitle "GM"]
[WhiteElo "2349"]
[BlackElo "2534"]
[WhiteFideId "4130189"]
[BlackFideId "4147103"]
[EventDate "2025.12.26"]

1. Nf3 d5 2. e3 c5 3. b3 a6 4. Bb2 Nc6 5. d4 Nf6 6. Ne5 cxd4 7. exd4 Bf5 8. a3
e6 9. Nd2 Nxe5 10. dxe5 Ne4 11. Bd3 Nxd2 12. Bxf5 Nxb3 13. cxb3 exf5 14. O-O Be7
15. Qf3 O-O 16. Qxf5 Qb6 17. Qd3 Rac8 18. b4 Rfd8 19. Rfd1 Rc4 20. Bd4 Qg6 21.
Qxg6 hxg6 22. Rd3 Ra8 23. Bb6 Rc6 24. Be3 Rd8 25. Rad1 Rc2 26. Kf1 Ra2 27. Rc1
b5 28. Rc7 Bf8 29. Ra7 Re8 30. Rxa6 Bxb4 31. Rxd5 Rxa3 32. Rxa3 Bxa3 33. Rxb5 f6
34. exf6 gxf6 35. g4 Kf7 36. Kg2 Bd6 37. h4 Re4 38. Kf3 Rc4 39. Rb7+ Kg8 40. h5
gxh5 41. gxh5 Rh4 42. Rb5 Kf7 43. h6 Bf8 44. Kg3 Rh1 45. Kg2 Rh4 46. Kg3 Rh1 47.
Kg2 Rh4 48. Kg3 1/2-1/2

[Event "World Rapid Women 2025"]
[Site "Doha QAT"]
[Date "2025.12.28"]
[Round "11.2"]
[White "Savitha, Shri B"]
[Black "Koneru, Humpy"]
[Result "1/2-1/2"]
[WhiteTitle "IM"]
[BlackTitle "GM"]
[WhiteElo "2334"]
[BlackElo "2535"]
[WhiteFideId "35061887"]
[BlackFideId "5008123"]
[EventDate "2025.12.26"]

1. e4 e5 2. Nf3 Nc6 3. Nc3 Nf6 4. Bb5 Nd4 5. Bc4 c6 6. O-O b5 7. Bd3 Nxf3+ 8.
Qxf3 d6 9. a4 b4 10. Nd1 g6 11. Bc4 Bg7 12. d3 h6 13. Ne3 O-O 14. Bd2 a5 15. c3
Bb7 16. Ng4 Nxg4 17. Qxg4 d5 18. Ba2 c5 19. Be3 Rc8 20. Rac1 h5 21. Qg3 Qd6 22.
Rfd1 Rfd8 23. Bg5 Re8 24. Qf3 f6 25. Be3 Red8 26. cxb4 cxb4 27. h3 Kh7 28. exd5
f5 29. Rxc8 Rxc8 30. Rc1 Rxc1+ 31. Bxc1 Qc5 32. Qe3 Qc2 33. d6 f4 34. Qd2 Qxa4
35. d4 Qc6 36. d5 Qxd6 37. Qd3 Qc5 38. Bc4 Bf8 39. Bd2 Bd6 40. Qe4 Qd4 41. Qxd4
exd4 42. Kf1 Kg7 43. Ke2 Kf6 44. Kf3 g5 45. Ke4 Bc8 46. Kxd4 Be5+ 47. Kc5 Bxb2
48. d6 Bc3 49. Bc1 a4 50. Kc6 b3 51. d7 Bxd7+ 52. Kxd7 b2 53. Bxb2 Bxb2 54. Kd6
Bd4 55. f3 a3 56. Ba2 Bf2 57. Bb3 Be1 58. Ba2 Bb4+ 59. Kd5 Ke7 60. Ke5 Kd7 61.
Kf5 Be7 62. h4 gxh4 63. Kxf4 Bd6+ 64. Kg5 Bg3 1/2-1/2

[Event "World Rapid Women 2025"]
[Site "Doha QAT"]
[Date "2025.12.28"]
[Round "11.3"]
[White "Zhu, Jiner"]
[Black "Tan, Zhongyi"]
[Result "1/2-1/2"]
[WhiteTitle "GM"]
[BlackTitle "GM"]
[WhiteElo "2579"]
[BlackElo "2524"]
[WhiteFideId "8608059"]
[BlackFideId "8603642"]
[EventDate "2025.12.26"]

1. d4 d5 2. c4 e6 3. Nc3 Nf6 4. Nf3 a6 5. cxd5 exd5 6. Bg5 Be6 7. e3 h6 8. Bh4
Nbd7 9. Bd3 Bd6 10. Rc1 c6 11. O-O O-O 12. Nd2 Qc7 13. f4 Ng4 14. Nxd5 Qa5 15.
h3 cxd5 16. hxg4 Nb6 17. a3 Rfe8 18. Be1 Qa4 19. Bc2 Qb5 20. a4 Qxb2 21. Rb1 Qc3
22. Rxb6 Qxe3+ 23. Bf2 Qxf4 24. g3 Qg5 25. Rxd6 Bxg4 26. Rxd5 Bxd1 27. Rxg5 Bxc2
28. Rc5 Bxa4 29. Rb1 b5 30. d5 Rad8 31. Nf3 Rd7 32. Nd4 Kh7 33. Nc6 Re2 34. Kf1
Rd2 35. Nd4 Rd6 36. Ke1 Ra2 37. Be3 Rh2 38. Ne2 Rh5 39. Nc3 Bc2 40. Rb2 Bg6 41.
Rc6 Rh1+ 42. Kd2 Rh2+ 43. Kc1 Rh1+ 44. Kd2 Rh2+ 45. Kc1 Rh1+ 46. Kd2 Rh2+ 1/2-1/2

[Event "World Rapid Women 2025"]
[Site "Doha QAT"]
[Date "2025.12.28"]
[Round "11.4"]
[White "Lei, Tingjie"]
[Black "Muzychuk, Anna"]
[Result "1/2-1/2"]
[WhiteTitle "GM"]
[BlackTitle "GM"]
[WhiteElo "2569"]
[BlackElo "2518"]
[WhiteFideId "8605114"]
[BlackFideId "14111330"]
[EventDate "2025.12.26"]

1. e4 e5 2. Nf3 Nc6 3. Bc4 Nf6 4. d3 Be7 5. O-O O-O 6. Re1 d6 7. a4 Be6 8. Nc3
Bxc4 9. dxc4 Nb8 10. Nd5 Nbd7 11. Ra3 Nc5 12. Nxe7+ Qxe7 13. Rae3 Nxa4 14. Nh4
Qe6 15. Nf5 g6 16. Nh6+ Kg7 17. Rg3 Nc5 18. Qf3 Kh8 19. b3 Ng8 20. Rh3 f6 21.
Be3 Qe7 22. Bxc5 dxc5 23. Ng4 Rad8 24. Rg3 Qe6 25. h4 a5 26. h5 g5 27. Qc3 b6
28. Ne3 c6 29. Nf5 Ne7 30. Nxe7 Qxe7 31. Rf3 Qf7 32. Rd3 Rd4 33. Rxd4 cxd4 34.
Qf3 Qe6 35. Ra1 g4 36. Qg3 c5 37. Rf1 Rg8 38. f4 gxf3 39. Qxf3 Kg7 40. Qe2 Kf7
41. Rf5 h6 42. Qf3 Ke7 43. g4 Rg5 44. Kf2 Rxf5 45. exf5 Qd7 46. Qa8 d3 47. cxd3
Qd4+ 48. Kg3 Qxd3+ 49. Kh4 e4 50. Qb7+ Kd6 51. Qb8+ Kd7 52. Qb7+ Kd6 1/2-1/2

[Event "World Rapid Women 2025"]
[Site "Doha QAT"]
[Date "2025.12.28"]
[Round "11.5"]
[White "Arabidze, Meri"]
[Black "Divya, Deshmukh"]
[Result "1/2-1/2"]
[WhiteTitle "IM"]
[BlackTitle "GM"]
[WhiteElo "2413"]
[BlackElo "2497"]
[WhiteFideId "13604040"]
[BlackFideId "35006916"]
[EventDate "2025.12.26"]

1. c4 g6 2. Nf3 Bg7 3. g3 c5 4. Nc3 Nc6 5. Bg2 d6 6. a3 Nf6 7. Rb1 Rb8 8. b4 b6
9. O-O O-O 10. d3 Bb7 11. bxc5 bxc5 12. Bd2 Qd7 13. Qa4 Ba8 14. h3 h6 15. Rfc1
Kh7 16. Kh2 Rfd8 17. Be1 Ne8 18. Nd5 e6 19. Nf4 Nc7 20. h4 Qe8 21. Qd1 e5 22.
Nd5 Nxd5 23. cxd5 Nd4 24. Nd2 Bf8 25. Nc4 Rxb1 26. Rxb1 Rb8 27. e3 Nf5 28. Ba5
Qc8 29. Rb3 Rxb3 30. Qxb3 Bb7 31. Bc3 Ba6 32. Qa4 Qb7 33. Qe8 Kg8 34. Na5 Qc8
35. Qxc8 Bxc8 36. Nc6 a6 37. Bh3 Bb7 38. h5 Ne7 39. hxg6 fxg6 40. Be6+ Kg7 41.
Nxe7 Bxe7 42. f4 Bf6 43. fxe5 Bxe5 44. Bxe5+ dxe5 45. Kg2 Kf6 46. Kf3 Ke7 47. e4
a5 48. Ke3 Ba6 49. Bh3 Bb5 50. Bg4 Kd6 51. Kd2 Ke7 52. Ke3 Kd6 53. Kd2 Ke7 54.
Ke3 Ba4 55. Kd2 Kd6 56. Ke3 Be8 57. Kd2 Ke7 58. Ke3 Kd6 59. Kd2 Ba4 60. Ke3 Bb5
61. Kd2 Be8 62. Ke3 h5 63. Be6 g5 64. Bf5 Bf7 65. Bc8 Bg6 66. Be6 Be8 67. Bf5
Bf7 68. Bc8 Be8 69. Bf5 Ke7 70. Be6 Bg6 71. Bc8 Bf7 72. Bf5 Be8 73. Be6 Ba4 74.
Bf5 Be8 75. Be6 Bg6 76. Bc8 Bf7 77. Bf5 Kd6 78. Bc8 Be8 79. Be6 Bg6 1/2-1/2

[Event "World Rapid Women 2025"]
[Site "Doha QAT"]
[Date "2025.12.28"]
[Round "11.6"]
[White "Mungunzul, Bat-Erdene"]
[Black "Vaishali, Rameshbabu"]
[Result "0-1"]
[WhiteTitle "WIM"]
[BlackTitle "GM"]
[WhiteElo "2350"]
[BlackElo "2473"]
[WhiteFideId "4902831"]
[BlackFideId "5091756"]
[EventDate "2025.12.26"]

1. d4 Nf6 2. c4 e6 3. Nf3 d5 4. Nc3 Be7 5. Bg5 h6 6. Bh4 O-O 7. e3 b6 8. Be2 Bb7
9. Bxf6 Bxf6 10. cxd5 exd5 11. O-O Nd7 12. Qb3 c6 13. Rfe1 Re8 14. e4 Nf8 15. e5
Be7 16. Rad1 Bc8 17. Qa4 Bd7 18. h3 Ne6 19. Qc2 Nf4 20. Bf1 Rc8 21. Kh2 f5 22.
g3 Ne6 23. Qxf5 Nxd4 24. Qh5 Nxf3+ 25. Qxf3 Rf8 26. Qg2 Be6 27. f4 d4 28. a3 c5
29. Be2 Rc7 30. Bg4 Qd7 31. Qf3 g6 32. b4 h5 33. Bxe6+ Qxe6 34. Ne4 Rd7 35. Qf2
cxb4 36. Rxd4 Rxd4 37. Qxd4 bxa3 38. Qa4 Rc8 39. h4 a5 40. Re3 Qc6 41. Qb3+ Kg7
42. Kh3 b5 43. g4 hxg4+ 44. Kxg4 Qc4 45. Qd1 Qe6+ 46. Kg3 a2 47. Rd3 Rc7 48. Rd2
b4 49. Qa4 b3 50. Qxa5 Rd7 51. Nd6 Bxd6 52. exd6 Qe3+ 53. Kg4 Qxd2 0-1

[Event "World Rapid Women 2025"]
[Site "Doha QAT"]
[Date "2025.12.28"]
[Round "11.7"]
[White "Shuvalova, Polina"]
[Black "Ju, Wenjun"]
[Result "1-0"]
[WhiteTitle "IM"]
[BlackTitle "GM"]
[WhiteElo "2502"]
[BlackElo "2565"]
[WhiteFideId "24171760"]
[BlackFideId "8603006"]
[EventDate "2025.12.26"]

1. e4 e6 2. d4 d5 3. Nc3 Nf6 4. Bg5 dxe4 5. Nxe4 Be7 6. Bxf6 gxf6 7. g3 f5 8.
Nc3 Bf6 9. Nf3 Nc6 10. Bb5 Bd7 11. Qd2 a6 12. Be2 Ne7 13. O-O-O Bc6 14. Rhe1 O-O
15. Kb1 b5 16. a3 Qd6 17. Ne5 Rab8 18. Na2 Bd5 19. Nb4 c5 20. Nxd5 Nxd5 21. f4
b4 22. dxc5 Qxc5 23. Nd7 Qe7 24. Nxf6+ Qxf6 25. Qd4 bxa3 26. Qxf6 Nxf6 27. b3
Nd5 28. Rd2 Nc3+ 29. Ka1 a5 30. Bc4 Rfc8 31. Rd3 Ne4 32. Ka2 Rc6 33. Kxa3 Nd6
34. Rd4 1-0

[Event "World Rapid Women 2025"]
[Site "Doha QAT"]
[Date "2025.12.28"]
[Round "11.8"]
[White "Khademalsharieh, Sarasadat"]
[Black "Lagno, Kateryna"]
[Result "0-1"]
[WhiteTitle "IM"]
[BlackTitle "GM"]
[WhiteElo "2414"]
[BlackElo "2508"]
[WhiteFideId "12512214"]
[BlackFideId "14109336"]
[EventDate "2025.12.26"]

1. d4 Nf6 2. g3 d5 3. Nf3 e6 4. Bg2 Be7 5. O-O O-O 6. b3 c5 7. c4 cxd4 8. cxd5
Nxd5 9. Nxd4 Bf6 10. Bb2 Qb6 11. Na3 Rd8 12. Nc4 Qa6 13. Qc1 Bd7 14. e4 Nb4 15.
e5 Be7 16. Rd1 N8c6 17. a3 Nd5 18. Bxd5 exd5 19. Ne3 Rac8 20. Nxc6 bxc6 21. Qd2
Be6 22. b4 d4 23. Ng2 c5 24. bxc5 Rxc5 25. Re1 d3 26. Rac1 Rxc1 27. Rxc1 Qb5 28.
Rc7 Bc5 29. Nf4 Bb6 30. Nxe6 Bxc7 31. Nxd8 Bxd8 32. Bc3 Be7 33. a4 Qc4 34. a5 h6
35. h4 Bc5 36. Kg2 Qe4+ 37. f3 Qc4 38. Qb2 Be3 39. Kh3 Qd5 40. Qb8+ Kh7 41. Qb1
Qe6+ 42. Kg2 Qc4 43. Qe1 Qa2+ 44. Kf1 d2 45. Qd1 Qc4+ 0-1

[Event "World Rapid Women 2025"]
[Site "Doha QAT"]
[Date "2025.12.28"]
[Round "11.9"]
[White "Kiolbasa, Oliwia"]
[Black "Kosteniuk, Alexandra"]
[Result "0-1"]
[WhiteTitle "IM"]
[BlackTitle "GM"]
[WhiteElo "2397"]
[BlackElo "2483"]
[WhiteFideId "1154613"]
[BlackFideId "4128125"]
[EventDate "2025.12.26"]

1. e4 c6 2. d4 d5 3. e5 c5 4. c3 Nc6 5. Bb5 cxd4 6. cxd4 Bf5 7. Nc3 e6 8. Nf3
Ne7 9. O-O a6 10. Be2 h6 11. Be3 Bh7 12. Rc1 Nf5 13. Qb3 Rb8 14. Na4 Be7 15. Nc5
O-O 16. Qa4 Qe8 17. Qd1 Nxe3 18. fxe3 Bd8 19. Bd3 f5 20. exf6 Bxf6 21. Bxh7+
Kxh7 22. Rf2 Kg8 23. Qb3 Rf7 24. Qd3 Rc7 25. a3 Rbc8 26. Rcf1 Nb8 27. Ne1 Nd7
28. Nxd7 Rxd7 29. Qe2 Qg6 30. Nd3 Rdc7 31. Nf4 Qe4 32. Qg4 Qxe3 33. Nxe6 Rc1 34.
Nc5 Re8 35. g3 Rxf1+ 36. Kxf1 Bxd4 37. Ne4 dxe4 38. Rf4 Qg1+ 39. Ke2 Qxh2+ 40.
Ke1 Qg1+ 41. Ke2 Qg2+ 42. Ke1 Bxb2 43. Rf2 Bc3+ 44. Ke2 Qg1 45. Rf1 Qd4 46. Rd1
Qc4+ 47. Ke3 Bf6 0-1

[Event "World Rapid Women 2025"]
[Site "Doha QAT"]
[Date "2025.12.28"]
[Round "11.10"]
[White "Mkrtchian, Lilit"]
[Black "Dronavalli, Harika"]
[Result "1/2-1/2"]
[WhiteTitle "IM"]
[BlackTitle "GM"]
[WhiteElo "2366"]
[BlackElo "2466"]
[WhiteFideId "13300601"]
[BlackFideId "5015197"]
[EventDate "2025.12.26"]

1. Nf3 g6 2. g3 Bg7 3. c4 d6 4. Bg2 e5 5. d3 Nc6 6. Nc3 h6 7. Rb1 a5 8. a3 Be6
9. b4 axb4 10. axb4 Qd7 11. b5 Nd8 12. Nd5 Ne7 13. e4 Nxd5 14. cxd5 Bh3 15. O-O
Bxg2 16. Kxg2 O-O 17. Ng1 f5 18. f3 b6 19. Ne2 Nb7 20. Be3 Ra3 21. Qc2 Rfa8 22.
Rfc1 Nc5 23. Bxc5 dxc5 24. Nc3 h5 25. Qb2 fxe4 26. dxe4 Bh6 27. Re1 Qd6 28. Ra1
c4 29. Rxa3 Qxa3 30. Qc2 Qc5 31. Qb2 Qa3 32. Qc2 Kh7 33. Re2 Qc5 34. Qb2 Be3 35.
Qb1 Ra3 36. Rc2 Bd4 37. Qc1 Be3 38. Qf1 Qd4 39. Nb1 Ra1 40. Rxc4 Qb2+ 41. Kh3
Rxb1 42. Rxc7+ Kh6 43. Qd3 Qf2 44. Qxb1 Qxf3 45. Qd3 g5 46. Rc6+ Kh7 47. Rc7+
Kh6 48. Rc6+ Kh7 49. Rc7+ Kh6 50. Qc2 1/2-1/2

[Event "World Rapid Women 2025"]
[Site "Doha QAT"]
[Date "2025.12.28"]
[Round "11.11"]
[White "Dzagnidze, Nana"]
[Black "Batsiashvili, Nino"]
[Result "1/2-1/2"]
[WhiteTitle "GM"]
[BlackTitle "GM"]
[WhiteElo "2469"]
[BlackElo "2462"]
[WhiteFideId "13601903"]
[BlackFideId "13602993"]
[EventDate "2025.12.26"]

1. d4 d5 2. c4 e6 3. Nc3 Be7 4. cxd5 exd5 5. Bf4 Nf6 6. e3 Bf5 7. Bd3 Bxd3 8.
Qxd3 c6 9. h3 O-O 10. Nge2 Re8 11. O-O Nbd7 12. Rab1 a5 13. Rbd1 Nb6 14. Qc2 Bd6
15. Rfe1 Nc4 16. b3 Bxf4 17. bxc4 Bb8 18. cxd5 cxd5 19. Qb3 Ra6 20. Rb1 Re7 21.
Rec1 h6 22. Rc2 Qd6 23. Nf4 g5 24. Ncxd5 Nxd5 25. Nxd5 Qh2+ 26. Kf1 Rd7 27. Rc8+
Kg7 28. Nb6 Rd6 29. Nc4 Rf6 30. Rxb8 Qxb8 31. Ne5 b5 32. Nd7 Qh2 33. Nxf6 Rxf6
34. Qxb5 Qh1+ 35. Ke2 Qxg2 36. Rf1 Qxh3 37. Qe5 Qf3+ 38. Kd3 Qg2 39. Ke2 Qc6 40.
Qc5 Qf3+ 41. Kd2 Qg2 42. Ke2 g4 43. Qe5 Qf3+ 44. Kd3 g3 45. Rg1 g2 46. Qg3+ Qxg3
47. fxg3 Rf2 48. a4 Kf6 49. e4 Rf3+ 50. Ke2 Rxg3 51. Kf2 Rg4 52. Kf3 Kg5 53.
Rxg2 Rxg2 54. Kxg2 Kf4 55. d5 Ke5 56. Kg3 f5 57. d6 Kxd6 58. exf5 Ke5 59. Kg4
Kf6 60. Kf4 h5 61. Ke4 Kg7 62. Ke5 Kf7 63. Ke4 Ke7 64. Ke5 Kf7 1/2-1/2

[Event "World Rapid Women 2025"]
[Site "Doha QAT"]
[Date "2025.12.28"]
[Round "11.12"]
[White "Maltsevskaya, Aleksandra"]
[Black "Muzychuk, Mariya"]
[Result "1/2-1/2"]
[WhiteTitle "IM"]
[BlackTitle "GM"]
[WhiteElo "2398"]
[BlackElo "2475"]
[WhiteFideId "24174041"]
[BlackFideId "14114550"]
[EventDate "2025.12.26"]

1. e4 c5 2. Nc3 Nc6 3. f4 e6 4. Nf3 d5 5. Bb5 Nf6 6. d3 Be7 7. O-O O-O 8. e5 Nd7
9. Bxc6 bxc6 10. Bd2 Rb8 11. b3 Ba6 12. Kh1 c4 13. bxc4 dxc4 14. d4 c5 15. Qe2
cxd4 16. Nxd4 Qc7 17. f5 Bc5 18. Nf3 exf5 19. e6 Nb6 20. Ng5 f6 21. Bf4 Bd6 22.
Bxd6 Qxd6 23. e7 Rfe8 24. Qe6+ Qxe6 25. Nxe6 Rxe7 26. Nd4 Bb7 27. Nxf5 Rd7 28.
Rfd1 Rbd8 29. Kg1 Rd2 30. Rxd2 Rxd2 31. Ne3 Kf7 32. a4 Nc8 33. Nxc4 Rxc2 34. Nd5
Rxc4 35. Ne3 Rb4 36. Rc1 Rb2 37. Rc7+ Kg6 38. a5 a6 39. Re7 Bc6 40. g4 Rb7 41.
Re6 Bb5 42. Kf2 Rd7 43. Kg3 Kf7 44. Rb6 1/2-1/2

[Event "World Rapid Women 2025"]
[Site "Doha QAT"]
[Date "2025.12.28"]
[Round "11.13"]
[White "Chen, Yining"]
[Black "Stefanova, Antoaneta"]
[Result "1/2-1/2"]
[WhiteTitle "FM"]
[BlackTitle "GM"]
[WhiteElo "2278"]
[BlackElo "2391"]
[WhiteFideId "8620946"]
[BlackFideId "2902257"]
[EventDate "2025.12.26"]

1. d4 Nf6 2. c4 b6 3. Nf3 Bb7 4. Nc3 Ne4 5. Nxe4 Bxe4 6. e3 e6 7. a3 Be7 8. Bd3
Bxd3 9. Qxd3 O-O 10. O-O d6 11. b4 a5 12. Bb2 Nd7 13. Bc3 a4 14. e4 c6 15. d5
exd5 16. cxd5 c5 17. Rfe1 Bf6 18. Bxf6 Qxf6 19. Qb5 Ra7 20. Nd2 Re8 21. Rad1 Qd4
22. Nc4 Rxe4 23. Nxd6 Rxe1+ 24. Rxe1 g6 25. Nc8 Rc7 26. Nxb6 Rb7 27. bxc5 Nxc5
28. Qc4 Qd2 29. Rf1 Rxb6 30. Qxc5 Rb3 31. Qd6 Rd3 32. Qb8+ Kg7 33. Qe5+ Kg8 34.
Qe8+ Kg7 35. Qxa4 Rxd5 36. Qc4 Rd4 37. Qc5 h5 38. h3 Rd5 39. Qb4 Qe2 40. Qc3+
Kg8 41. Re1 Qb5 42. Qb4 Qd7 43. a4 Rd4 44. Qb8+ Kh7 45. a5 Rd1 46. Qe5 Rxe1+ 47.
Qxe1 Qb5 48. Qa1 Qa6 49. Qe5 h4 50. Kh2 Qc4 51. g3 hxg3+ 52. Kxg3 Qd3+ 53. f3
Qf1 54. Qe3 Qb5 55. Qc3 Qg5+ 56. Kh2 Qf4+ 57. Kg2 Qg5+ 58. Kh1 Qg3 59. a6 Qxh3+
60. Kg1 Qd7 61. Qe3 Qd1+ 62. Kg2 Qc2+ 63. Qf2 Qa4 64. a7 g5 65. Qc5 Kg6 66. Qd6+
Kh5 67. Qb8 Qa2+ 68. Kg3 Qa1 69. a8=Q Qg1+ 70. Kh3 Qf1+ 71. Kh2 Qf2+ 72. Kh1
Qf1+ 1/2-1/2

[Event "World Rapid Women 2025"]
[Site "Doha QAT"]
[Date "2025.12.28"]
[Round "11.14"]
[White "Khamdamova, Afruza"]
[Black "Vantika, Agrawal"]
[Result "1/2-1/2"]
[WhiteTitle "WGM"]
[BlackTitle "IM"]
[WhiteElo "2403"]
[BlackElo "2369"]
[WhiteFideId "14210444"]
[BlackFideId "25050389"]
[EventDate "2025.12.26"]

1. e4 e6 2. d4 d5 3. Nd2 c5 4. exd5 Qxd5 5. Ngf3 cxd4 6. Bc4 Qd6 7. O-O Nf6 8.
Nb3 Nc6 9. Nbxd4 Nxd4 10. Nxd4 Be7 11. c3 O-O 12. Qf3 e5 13. Nf5 Bxf5 14. Qxf5
Qc7 15. Bb3 a5 16. a4 Ra6 17. Be3 g6 18. Qh3 Bc5 19. Bc4 Rd6 20. b3 Ne4 21. Rad1
Rfd8 22. Rxd6 Nxd6 23. Bxc5 Nxc4 24. Qh4 Rc8 25. b4 Nd6 26. Rd1 Nf5 27. Qf6 axb4
28. cxb4 Re8 29. h3 h5 30. a5 Nd4 31. Bxd4 exd4 32. Qxd4 Qc6 33. Kh2 Re4 34.
Qd8+ Kg7 35. Qd2 Qc7+ 36. Kg1 Qe5 37. Rc1 Rd4 38. Re1 Qd6 39. Qc3 Qxb4 40. Qxb4
Rxb4 41. Re7 Rb1+ 42. Kh2 Rb5 43. Rc7 Kf6 44. a6 bxa6 45. Rc6+ Kg7 46. Rxa6 1/2-1/2

[Event "World Rapid Women 2025"]
[Site "Doha QAT"]
[Date "2025.12.28"]
[Round "11.15"]
[White "Roebers, Eline"]
[Black "Preobrazhenskaya, Diana"]
[Result "1/2-1/2"]
[WhiteTitle "IM"]
[BlackTitle "WFM"]
[WhiteElo "2396"]
[BlackElo "2131"]
[WhiteFideId "1058401"]
[BlackFideId "34270566"]
[EventDate "2025.12.26"]

1. e4 c5 2. Nf3 d6 3. d4 cxd4 4. Nxd4 Nf6 5. Nc3 a6 6. Nb3 Nbd7 7. g4 h6 8. h4
Ne5 9. f3 b5 10. a3 Bb7 11. Qe2 Qc7 12. Rg1 d5 13. f4 Nc4 14. e5 Ne4 15. Nxe4
dxe4 16. Bg2 Qb6 17. Rf1 e6 18. Bxe4 Be7 19. g5 hxg5 20. hxg5 Bxe4 21. Qxe4
O-O-O 22. Bd2 Rh2 23. O-O-O Rd5 24. Qe1 a5 25. Bc3 Rxd1+ 26. Qxd1 Qe3+ 27. Kb1
Nxa3+ 28. bxa3 Qxc3 29. Rf3 Qc7 30. Nd4 Qc4 31. Kb2 b4 32. a4 Bc5 33. Nb3 Bb6
34. g6 fxg6 35. Qd3 Qxd3 36. Rxd3 Rf2 37. Rd6 Bc7 38. Rxe6 Rxf4 39. Nc5 Kd8 40.
Nd3 Rf5 41. Rxg6 Bxe5+ 42. Nxe5 Rxe5 43. Rxg7 Rc5 44. Rh7 1/2-1/2